|
|
|
|
| LEADER |
01393nam a2200277 a 4500 |
| 001 |
13416498 |
| 008 |
091006s2003 bg a b 100 0 eng d |
| 010 |
|
|
|a \\2003325375
|
| 020 |
|
|
|a 9848090118
|
| 040 |
|
|
|a DLC
|c DLC
|
| 082 |
0 |
4 |
|a 378.5492
|2 22
|
| 111 |
2 |
|
|a International Seminar on Quality Assurance in Higher Education in Bangladesh
|d (2002)
|
| 245 |
1 |
0 |
|a Proceedings of the International Seminar on Quality Assurance in Higher Education in Bangladesh, 4-6 March 2002 /
|c sponsored by University Grants Commission of Bangladesh in collaboration with the Commonwealth of Learning, Canada.
|
| 260 |
|
|
|a Dhaka :
|b University Grants Commission of Bangladesh.
|c 2003
|
| 300 |
|
|
|a 341 p. :
|b ill. (some col.) ;
|c 25 cm.
|
| 490 |
0 |
|
|a UGC publication ;
|v no. 80
|
| 500 |
|
|
|a "January 2003"--T.p. verso.
|
| 504 |
|
|
|a Includes bibliographical references.
|
| 541 |
1 |
|
|e 00011340
|
| 650 |
|
0 |
|a Education, Higher
|z Bangladesh
|x Evaluation
|v Congresses.
|
| 650 |
|
0 |
|a Education, Higher
|z Bangladesh
|x Standards
|v Congresses.
|
| 710 |
1 |
|
|a Bangladesh.
|b University Grants Commission.
|
| 710 |
2 |
|
|a Commonwealth of Learning.
|
| 852 |
4 |
|
|a Ayesha Abed Library
|j General shelf
|
| 999 |
|
|
|c 4295
|d 4295
|
| 952 |
|
|
|0 0
|1 0
|2 ddc
|4 1
|6 378_549200000000000_PRO_2003
|7 0
|9 3966
|a BRACUL
|b BRACUL
|c SPS
|d 2009-10-07
|g 0.00
|l 2
|o 378.5492 PRO
|p 3010011340
|r 2019-04-25
|s 2019-04-18
|t 1
|w 2009-10-07
|y BK
|x No price found in the accession register.
|